000
00195 a2200097 4500
001
23510
100
_a
Nelso
245
_a
tensor analysis
260
_a
_b
Princeton
_c
1967
090
_c
15899
_d
15899
942
_a
NUST-CAE
_c
M
_c
6556
999
_c
258583
_d
258583